| 000 | 00668nam a2200181Ia 4500 | ||
|---|---|---|---|
| 008 | 100921s9999 xx 000 0 und d | ||
| 082 |
_b15713 _a321 थ 78 |
||
| 100 | _aठाकुर जनार्दन,अनु,वाळिंबे वि.स. | ||
| 245 | _aहे नेते जनताचे. | ||
| 260 |
_bउत्कर्ष प्रकाशन, पुणे. _c1978 |
||
| 300 |
_a219 _b--- |
||
| 365 | _b20 | ||
| 520 | _aस.शा.राज्यशासन. | ||
| 630 | _aहे नेते जनताचे. | ||
| 650 | _aस.शा.राज्यशासन. | ||
| 730 | _aहे नेते जनताचे. | ||
| 942 | _cBOOK | ||
| 999 |
_c764826 _d764823 |
||